000 00439nam a2200181Ia 4500
001 22403
005 20260414150829.0
008 260414t2016||||xx |||||||||||||| ||spa||
041 _aESP
082 _a621.381
_bF81P
100 _aFraile Mora, Jesús
_eAUT
245 0 _aProblemas de máquinas eléctricas
_b
260 _c2016
300 _ax, 390 páginas :
_c26 cm.
650 _aTCA
654 _aCET
942 _cLIB
_dJUS
_fJUS
_2ddc
_n
999 _c22403
_d22403